[Event "U20 Pan-American Chess Championship Open 2023"]
[Site "Sede Social CFCSN - Rua Gen. Oswaldo P. da Veiga, 231 - 3º Andar - Volta Redonda"]
[Date "2023.11.09"]
[Round "6"]
[Board "7"]
[White "Ribeiro, Matheus Mendes Domingues"]
[Black "Montes Orozco, Miguel Angel"]
[Result "1/2-1/2"]
[WhiteElo "2150"]
[BlackElo "2097"]
[PlyCount "44"]
[EventDate "2023.11.06"]
[EventRounds "9"]
[EventCountry "BRA"]

1. Nf3 d5 2. g3 Nf6 3. Bg2 Bf5 4. O-O e6 5. c4 c6 6. b3 Be7 7. Bb2 O-O 8. d3 h6 9.
Nbd2 Bh7 10. Ne5 a5 11. Ndf3 Na6 12. a3 Qb6 13. Rb1 Rfd8 14. Qc2 Ne8 15. Bh3 Nec7
16. cxd5 cxd5 17. Bd4 Qd6 18. b4 axb4 19. axb4 Nxb4 20. Rxb4 Qxb4 21. Qxc7 Rdc8 22.
Qd7 Rd8  1/2-1/2

[Event "U20 Pan-American Chess Championship Open 2023"]
[Site "Sede Social CFCSN - Rua Gen. Oswaldo P. da Veiga, 231 - 3º Andar - Volta Redonda"]
[Date "2023.11.09"]
[Round "6"]
[Board "8"]
[White "Sathish, Pranav"]
[Black "Castro Salgado, Pablo"]
[Result "1-0"]
[WhiteElo "2412"]
[BlackElo "2150"]
[PlyCount "91"]
[EventDate "2023.11.06"]
[EventRounds "9"]
[EventCountry "BRA"]

1. Nf3 d5 2. b3 Bg4 3. Bb2 Nd7 4. e3 e6 5. h3 Bh5 6. d3 c6 7. Nbd2 a5 8. a3 Ngf6
9. Be2 h6 10. Nh4 Bxe2 11. Qxe2 Bd6 12. e4 Be5 13. d4 Nxe4 14. Nxe4 Qxh4 15. dxe5
Qxe4 16. Qxe4 dxe4 17. O-O-O a4 18. b4 c5 19. Rhe1 cxb4 20. Rxe4 b3 21. Rc4 b6 22.
Rd6 Ke7 23. Rc7 Rhd8 24. cxb3 Ke8 25. b4 Rab8 26. Bd4 b5 27. Kc2 Nf8 28. Rxd8+ Rxd8
29. Bc5 Ng6 30. Bd6 Rb8 31. g3 Rb6 32. Kc3 Rb8 33. Kd4 h5 34. Rxf7 Kxf7 35. Bxb8
Ne7 36. Kc5 Nd5 37. Kxb5 Nc3+ 38. Ka5 Ke8 39. Ba7 h4 40. gxh4 Kd7 41. Bd4 Ne2 42.
Be3 Nc3 43. b5 Kc7 44. Ka6 Nd5 45. Ba7 Kc8 46. b6  1-0

[Event "U20 Pan-American Chess Championship Open 2023"]
[Site "Sede Social CFCSN - Rua Gen. Oswaldo P. da Veiga, 231 - 3º Andar - Volta Redonda"]
[Date "2023.11.09"]
[Round "6"]
[Board "9"]
[White "Casalaspro, Mathias Andre"]
[Black "Silva, Kaua Marques"]
[Result "0-1"]
[WhiteElo "2060"]
[BlackElo "2235"]
[PlyCount "52"]
[EventDate "2023.11.06"]
[EventRounds "9"]
[EventCountry "BRA"]

1. d4 Nf6 2. Nc3 d5 3. Bf4 c5 4. e4 cxd4 5. Qxd4 Nc6 6. Bb5 Bd7 7. Bxc6 Bxc6 8. e5
Nd7 9. e6 fxe6 10. Nf3 Qb6 11. Qd2 g5 12. Be3 Qxb2 13. O-O Qa3 14. Nd4 Bg7 15. Ndb5
Bxb5 16. Nxb5 Qa4 17. Nc7+ Kf8 18. f4 Bxa1 19. c3 Qc6 20. fxg5+ Kg7 21. g6 hxg6 22.
Bd4+ Nf6 23. Nxa8 Qd6 24. Qg5 Qxh2+ 25. Kf2 Rh5 26. Qd2 e5  0-1

[Event "U20 Pan-American Chess Championship Open 2023"]
[Site "Sede Social CFCSN - Rua Gen. Oswaldo P. da Veiga, 231 - 3º Andar - Volta Redonda"]
[Date "2023.11.09"]
[Round "6"]
[Board "10"]
[White "Piccoli, Lucas Fonseca"]
[Black "Varillas Jimenez, Ivan"]
[Result "1-0"]
[WhiteElo "2225"]
[BlackElo "1985"]
[PlyCount "119"]
[EventDate "2023.11.06"]
[EventRounds "9"]
[EventCountry "BRA"]

1. c4 e6 2. Nf3 d5 3. b3 Nf6 4. g3 Be7 5. Bg2 O-O 6. O-O c5 7. Bb2 Nc6 8. e3 d4 9.
exd4 cxd4 10. Re1 Re8 11. d3 Bf8 12. Ba3 e5 13. Bxf8 Kxf8 14. Na3 h6 15. Nc2 a5 16.
h3 Bf5 17. g4 Bh7 18. Nh4 e4 19. Nf5 Bxf5 20. gxf5 e3 21. fxe3 dxe3 22. d4 Qd7 23.
d5 Ne7 24. Nxe3 Nxf5 25. Nxf5 Qxf5 26. Qd4 Nd7 27. Rf1 Qe5 28. Qf2 Qe3 29. d6 Nc5
30. Rad1 Rad8 31. Rfe1 Qxf2+ 32. Kxf2 Rxe1 33. Kxe1 Ke8 34. a3 Nxb3 35. Bxb7 Kd7
36. Rd5 Rb8 37. Ba6 Kc6 38. Bb5+ Kb6 39. d7 Rd8 40. Re5 Nd4 41. Re8 Kc7 42. Ba4 Ne6
43. Re7 Nc5 44. Bb5 Nxd7 45. c5 Kc8 46. c6 Nb8 47. c7 Rd5 48. cxb8=Q+ Kxb8 49. a4
g5 50. Rxf7 h5 51. Rh7 h4 52. Ke2 Rf5 53. Rg7 Ka8 54. Ke3 Kb8 55. Ke4 Rc5 56. Rf7
Kc8 57. Rf5 Rc3 58. Bd3 Rc1 59. Rxg5 Rh1 60. Kf4  1-0

[Event "U20 Pan-American Chess Championship Open 2023"]
[Site "Sede Social CFCSN - Rua Gen. Oswaldo P. da Veiga, 231 - 3º Andar - Volta Redonda"]
[Date "2023.11.09"]
[Round "6"]
[Board "11"]
[White "Tomiello, Mateus Costamilan"]
[Black "Nascimento, Kaio Vinicius Da Trindade"]
[Result "1-0"]
[WhiteElo "2145"]
[BlackElo "1310"]
[PlyCount "67"]
[EventDate "2023.11.06"]
[EventRounds "9"]
[EventCountry "BRA"]

1. c4 Nf6 2. g3 e6 3. Bg2 c5 4. Nf3 Nc6 5. O-O d5 6. cxd5 exd5 7. d4 Be6 8. Nc3 Be7
9. Be3 c4 10. Ne5 Qb6 11. b3 Bb4 12. Na4 Qa6 13. bxc4 dxc4 14. Rb1 Bd6 15. d5 Nxe5
16. dxe6 Rd8 17. exf7+ Kxf7 18. Rxb7+ Be7 19. Qc2 Rd7 20. Rxd7 Nexd7 21. Bd4 Rb8
22. e4 Bd6 23. f4 Rb4 24. Nc3 Bc5 25. Bxc5 Nxc5 26. e5 Nd3 27. exf6 Qb6+ 28. Kh1
Rb2 29. Qd1 g6 30. Ne4 Qd4 31. f5 Qe3 32. fxg6+ hxg6 33. Qg4 Ne5 34. Ng5+  1-0

[Event "U20 Pan-American Chess Championship Open 2023"]
[Site "Sede Social CFCSN - Rua Gen. Oswaldo P. da Veiga, 231 - 3º Andar - Volta Redonda"]
[Date "2023.11.09"]
[Round "6"]
[Board "12"]
[White "Nascimento, Nicolas Daniel Trindade"]
[Black "Munoz Ramos, Christopher"]
[Result "1/2-1/2"]
[WhiteElo "1797"]
[BlackElo "2038"]
[PlyCount "86"]
[EventDate "2023.11.06"]
[EventRounds "9"]
[EventCountry "BRA"]

1. Nf3 d5 2. d4 Nf6 3. c4 e6 4. cxd5 exd5 5. Bf4 Bd6 6. Bxd6 Qxd6 7. e3 O-O 8. Bd3
b6 9. O-O Nbd7 10. Nc3 Qe7 11. Rc1 Bb7 12. Bb1 c5 13. dxc5 Nxc5 14. Nd4 Rfd8 15.
Nce2 Rac8 16. Ng3 g6 17. a3 a6 18. Ba2 Nce4 19. Nge2 Qe5 20. Nf4 h5 21. Qe2 b5 22.
h3 Qd6 23. Nd3 Nd7 24. Bb1 Re8 25. Rxc8 Rxc8 26. Rc1 Rc4 27. Ba2 Rxc1+ 28. Nxc1 Qc7
29. Qc2 Qxc2 30. Nxc2 Nb6 31. Nd3 Kf8 32. Nd4 Ke7 33. f3 Ng5 34. b3 Kd6 35. Kf2 Nd7
36. Ke2 Nc5 37. Nxc5 Kxc5 38. b4+ Kd6 39. Nb3 Ne6 40. Kd3 Bc8 41. Nd4 Bd7 42. Bb3
Ke5 43. Nxe6 fxe6  1/2-1/2

[Event "U20 Pan-American Chess Championship Open 2023"]
[Site "Sede Social CFCSN - Rua Gen. Oswaldo P. da Veiga, 231 - 3º Andar - Volta Redonda"]
[Date "2023.11.09"]
[Round "6"]
[Board "13"]
[White "Lima, Carlos Eduardo I De Araujo"]
[Black "Cahuapaza Tarapaca, Leonardo"]
[Result "0-1"]
[WhiteElo "1857"]
[BlackElo "1818"]
[PlyCount "128"]
[EventDate "2023.11.06"]
[EventRounds "9"]
[EventCountry "BRA"]

1. d4 Nf6 2. c4 c6 3. Nc3 d5 4. Nf3 a6 5. cxd5 cxd5 6. e3 Nc6 7. h3 e6 8. Bd3 Be7
9. O-O O-O 10. Re1 b5 11. e4 dxe4 12. Nxe4 Nb4 13. Nxf6+ Bxf6 14. Be4 Nd5 15. Qd3
h6 16. Bd2 Bb7 17. Rad1 Qe7 18. Qe2 Rfd8 19. Bb1 Qf8 20. Ne5 g6 21. Qg4 Ne7 22. Ba5
h5 23. Qe2 Rdc8 24. Nd7 Qg7 25. Nb6 Bxd4 26. Nxa8 Bxa8 27. Rc1 Bxb2 28. Rxc8+ Nxc8
29. Qc2 Ne7 30. Rd1 Bd5 31. Qc7 Qf6 32. Qb8+ Kg7 33. Bd8 Qg5 34. g3 Bf6 35. Qd6 Nf5
36. Bxf6+ Qxf6 37. Qf4 Ne7 38. Qe3 Nc6 39. Be4 Bxe4 40. Qxe4 Ne5 41. Kg2 Nc4 42.
Rd7 e5 43. Qd3 Qc6+ 44. f3 Qf6 45. h4 Qc6 46. Rd8 Qf6 47. Ra8 Qb6 48. Qd7 Qe3 49.
Qd1 Nd6 50. Rd8 Nf5 51. Rd3 Qc5 52. Qe2 Nd4 53. Qe3 b4 54. f4 Qc6+ 55. Kf2 Nb5 56.
Qxe5+ f6 57. Qd5 Qb6+ 58. Kf3 Qg1 59. Qd7+ Kh6 60. Qc8 Qf1+ 61. Ke4 Qe2+ 62. Kd5
Qxd3+ 63. Ke6 Qd6+ 64. Kf7 Qc7+  0-1

[Event "U20 Pan-American Chess Championship Open 2023"]
[Site "Sede Social CFCSN - Rua Gen. Oswaldo P. da Veiga, 231 - 3º Andar - Volta Redonda"]
[Date "2023.11.09"]
[Round "6"]
[Board "14"]
[White "Reyes Zavaleta, Cristhian Yamil"]
[Black "Errazola, Mauricio"]
[Result "1-0"]
[WhiteElo "1804"]
[BlackElo "1725"]
[PlyCount "113"]
[EventDate "2023.11.06"]
[EventRounds "9"]
[EventCountry "BRA"]

1. d4 d5 2. c4 e6 3. g3 Nf6 4. Bg2 dxc4 5. Nf3 Bb4+ 6. Bd2 c5 7. Bxb4 cxb4 8. Ne5
O-O 9. O-O Nd5 10. Nxc4 b5 11. Ne5 Bb7 12. Nd3 a5 13. Nc5 Bc6 14. Nd2 Nd7 15. Rc1
Rc8 16. Nde4 N7b6 17. Nd3 Qe7 18. Ne5 Ba8 19. Nc5 Rfd8 20. Qd3 f6 21. Nf3 e5 22.
e4 Nc7 23. Bh3 Rb8 24. d5 Nc4 25. Nb3 Nxb2 26. Qc2 Nc4 27. Nxa5 Nxa5 28. Qxc7 Qxc7
29. Rxc7 Rb7 30. Rfc1 Nc4 31. Rxb7 Bxb7 32. Rb1 Nd6 33. Be6+ Kf8 34. Rxb4 Ra8 35.
Rb2 Ke7 36. Nd2 Kd8 37. Rc2 Ra4 38. f3 Bc8 39. Bxc8 Nxc8 40. Nb3 Nb6 41. Nc5 Ra7
42. Rb2 Nc4 43. Rxb5 Rxa2 44. Ne6+ Kd7 45. Rc5 Nd2 46. Rc7+ Kd6 47. Rc3 f5 48. Rc6+
Kd7 49. Rc7+ Kd6 50. Rc6+ Kd7 51. Rc3 fxe4 52. Nc5+ Ke7 53. Nxe4 Nb1 54. d6+ Ke6
55. Rd3 Kd7 56. Nc5+ Kd8 57. d7  1-0

[Event "U20 Pan-American Chess Championship Open 2023"]
[Site "Sede Social CFCSN - Rua Gen. Oswaldo P. da Veiga, 231 - 3º Andar - Volta Redonda"]
[Date "2023.11.09"]
[Round "6"]
[Board "16"]
[White "Reyes Zavaleta, Sergio Gabriel"]
[Black "Da Fonseca Pinto, Joao Gabriel Alves"]
[Result "1/2-1/2"]
[WhiteElo "1287"]
[BlackElo "1762"]
[PlyCount "118"]
[EventDate "2023.11.06"]
[EventRounds "9"]
[EventCountry "BRA"]

1. d4 Nf6 2. Bg5 Ne4 3. Bf4 d5 4. e3 e6 5. a3 c5 6. c3 Bd6 7. Bg3 Nc6 8. Nf3 O-O
9. Nbd2 Nxd2 10. Qxd2 c4 11. Be2 f5 12. Qc2 b5 13. O-O Bxg3 14. hxg3 Bd7 15. b3 Qc7
16. Nd2 a5 17. bxc4 bxc4 18. a4 Rfb8 19. Rfb1 Be8 20. Rb5 Rxb5 21. axb5 Na7 22. g4
g6 23. gxf5 exf5 24. Bf3 Bf7 25. b6 Qxb6 26. Nxc4 Qc7 27. Nxa5 Nb5 28. c4 Rxa5 29.
Rxa5 Qxa5 30. cxb5 Qxb5 31. Qc8+ Kg7 32. Qc7 h5 33. Qe5+ Kg8 34. Qg3 Kh7 35. Qg5
Qa5 36. g3 Qb5 37. Qe7 Kg8 38. Qd8+ Kg7 39. Qc7 Kg8 40. Qc5 Qb3 41. Kg2 Qa2 42. Qc8+
Kg7 43. Qb8 Qc4 44. Qe5+ Kg8 45. Qf6 Qa2 46. Qd8+ Kg7 47. Qc7 Kg8 48. Qe5 Qc4 49.
Qf6 Qa2 50. Qd8+ Kg7 51. Qc7 Kg8 52. Qc3 Kg7 53. Bd1 Qa8 54. Qb4 Qd8 55. Qc5 h4 56.
Bb3 hxg3 57. fxg3 Qd7 58. Qb4 Qe6 59. Bc2 Qxe3  1/2-1/2